MARC details
| 000 -LEADER |
| fixed length control field |
00902nam a22002771a 4500 |
| 001 - CONTROL NUMBER |
| control field |
vtls000012870 |
| 003 - CONTROL NUMBER IDENTIFIER |
| control field |
IIMBL |
| 005 - DATE AND TIME OF LATEST TRANSACTION |
| control field |
20180822135042.0 |
| 008 - FIXED-LENGTH DATA ELEMENTS--GENERAL INFORMATION |
| fixed length control field |
100616s2001 |r| ||110|eng|||| |
| 020 ## - INTERNATIONAL STANDARD BOOK NUMBER |
| International Standard Book Number |
9812400389 |
| 035 ## - SYSTEM CONTROL NUMBER |
| System control number |
iimb114314 |
| 039 #9 - LEVEL OF BIBLIOGRAPHIC CONTROL AND CODING DETAIL [OBSOLETE] |
| Level of rules in bibliographic description |
201106171846 |
| Level of effort used to assign nonsubject heading access points |
VLOAD |
| -- |
201006160437 |
| -- |
VLOAD |
| 040 ## - CATALOGING SOURCE |
| Original cataloging agency |
IIMB |
| 082 1# - DEWEY DECIMAL CLASSIFICATION NUMBER |
| Classification number |
658.4012 |
| Item number |
SIN |
| 100 1# - MAIN ENTRY--PERSONAL NAME |
| Personal name |
Singh, Kulwant |
| 245 10 - TITLE STATEMENT |
| Title |
Business strategy in Asia: |
| Remainder of title |
A casebook / |
| Statement of responsibility, etc. |
by Kulwant Singh, Nitin Pangarkar, Gaik Eng Lim. |
| 260 ## - PUBLICATION, DISTRIBUTION, ETC. |
| Place of publication, distribution, etc. |
Singapore: |
| Name of publisher, distributor, etc. |
Thomson Learning, |
| Date of publication, distribution, etc. |
2001. |
| 300 ## - PHYSICAL DESCRIPTION |
| Extent |
369p. |
| 650 #4 - SUBJECT ADDED ENTRY--TOPICAL TERM |
| Topical term or geographic name entry element |
Business planning, Asia, Case studies |
| 650 #4 - SUBJECT ADDED ENTRY--TOPICAL TERM |
| Topical term or geographic name entry element |
strategic, planning, Asia, Case studies |
| 650 #4 - SUBJECT ADDED ENTRY--TOPICAL TERM |
| Topical term or geographic name entry element |
Industrial management, planning, Asia, Case studies |
| 700 1# - ADDED ENTRY--PERSONAL NAME |
| Personal name |
Pangarkar, Nitin |
| 700 1# - ADDED ENTRY--PERSONAL NAME |
| Personal name |
Lim, Gaik Eng |
| 949 ## - LOCAL PROCESSING INFORMATION (OCLC) |
| -- |
VIRTUAITEM |
| -- |
10000 |
| -- |
10000 |
| -- |
1000 |
| 6 |
64362 |
| 949 ## - LOCAL PROCESSING INFORMATION (OCLC) |
| -- |
VIRTUAITEM |
| -- |
30000 |
| -- |
30000 |
| -- |
1000 |
| 6 |
C00169 |